| 000 | 00815nas a2200265Ia 4500 | ||
|---|---|---|---|
| 001 | A09/R103-51061 | ||
| 003 | IT-MiCISF | ||
| 008 | 161014c99999999xx |||||||||||| ||und|| | ||
| 040 |
_aIT-MiCISF _cIT-MiCISF |
||
| 041 | _aITALIANO | ||
| 100 | _aNovara Daniele | ||
| 210 | _aConsultori familiari oggi | ||
| 222 | _aConsultori familiari oggi | ||
| 245 | 0 | _aParenti serpenti? L'arte di imparare dai conflitti in famiglia | |
| 250 | _a1a ed. | ||
| 260 | _c2011 | ||
| 501 |
_bCISF - Centro Internazionale Studi Famiglia - Via Giotto, 36 20145 MILANO (non commercial uses only) _cCopyright 2016 |
||
| 300 | _app. 17-29 | ||
| 362 | _an. 1-2 [2011] | ||
| 500 | _a Tema: famiglia, conflitto, educazione | ||
| 650 |
_aFAMIGLIA _varticolo |
||
| 700 | _aAA.VV. | ||
| 942 | _cCR | ||
| 957 | _71 | ||
| 999 |
_a51061 _bSi _g1 _c228377 _d228377 |
||